000 00396nam a2200169Ia 4500
001 10176
008 140328s9999 xx 000 0 und d
020 _a0-7506-2519-8
040 _cPK-LaUMT
082 _a 658.408
_bPYB-S
100 _aPybus, Roger
245 _aSafety management : Strategy and practice
_cPybus, Roger
260 _c1996
300 _a150 p.
546 _aEN
942 _cBK
999 _c11206
_d11206